Constructing school knowledge (Record no. 988425)
[ view plain ]
| 000 -LEADER | |
|---|---|
| fixed length control field | 00699nam a2200217Ia 4500 |
| 003 - CONTROL NUMBER IDENTIFIER | |
| control field | OSt |
| 005 - DATE AND TIME OF LATEST TRANSACTION | |
| control field | 20250828105256.0 |
| 008 - FIXED-LENGTH DATA ELEMENTS--GENERAL INFORMATION | |
| fixed length control field | 221004b |||||||| |||| 00| 0 eng d |
| 020 ## - INTERNATIONAL STANDARD BOOK NUMBER | |
| International Standard Book Number | 0763996730 |
| 037 ## - SOURCE OF ACQUISITION | |
| Terms of availability | TB |
| 040 ## - CATALOGING SOURCE | |
| Original cataloging agency | CRL |
| Transcribing agency | CRL |
| Language of cataloging | eng |
| 041 ## - LANGUAGE CODE | |
| Source of code | eng |
| Language code of text/sound track or separate title | eng |
| 084 ## - COLON CLASSIFICATION NUMBER | |
| Classification number | T15.2 P3 |
| Assigning agency | CL |
| 100 ## - MAIN ENTRY--PERSONAL NAME | |
| Personal name | Sarangapani Padma M. |
| 9 (RLIN) | 309925 |
| 245 #0 - TITLE STATEMENT | |
| Title | Constructing school knowledge |
| Remainder of title | An ethnography of learning in an Indian village |
| 260 ## - PUBLICATION, DISTRIBUTION, ETC. | |
| Place of publication, distribution, etc. | New Delhi |
| Name of publisher, distributor, etc. | Sage Publications India |
| Date of publication, distribution, etc. | 2003 |
| 300 ## - PHYSICAL DESCRIPTION | |
| Extent | 308p. |
| Dimensions | cm. |
| 650 ## - SUBJECT ADDED ENTRY--TOPICAL TERM | |
| Topical term or geographic name entry element | BASIC EDUCATION |
| 9 (RLIN) | 588865 |
| 942 ## - ADDED ENTRY ELEMENTS (KOHA) | |
| Classification part | T15.2 P3 |
| Koha item type | Textbook |
| Source of classification or shelving scheme | |
| Suppress in OPAC | No |
| Withdrawn status | Lost status | Damaged status | Not for loan | Home library | Current library | Date acquired | Source of acquisition | Cost, normal purchase price | Total Checkouts | Full call number | Barcode | Date last seen | Cost, replacement price | Price effective from | Koha item type |
|---|---|---|---|---|---|---|---|---|---|---|---|---|---|---|---|
| Central Library | Central Library | 2022-10-05 | 10736, 30/03/2005, Govinda Book House | 580.00 | T15.2 P3 | CL1211983 | 2022-10-05 | 580.00 | 2022-10-05 | Textual |
